000 00254nam a22001097a 4500
082 _a621.381528 TRA'D
100 _aD. A. T. A.
_975818
245 _aTRANSISTOR DISCONTINUED DEVICES
260 _aUSA
_bD. A. T. A.
_c1980
300 _aVOL-25
942 _cBK
999 _c581229
_d581229